000 00790nam a22002777a 4500
003 CHAP
005 20220329134824.0
008 971013s1972 r 00010 d
010 _a26503
011 _a27475
035 _a31576
040 _cCHAP
082 _a511.8
_bK3
100 0 0 _aKaliski, Burton S.
_962620
245 _aBusiness mathematics
260 _aNew York :
_bHarcourt,
_c1972
300 _a466 p.
590 _aBATCH-UPD
_b10
_c20130110
_lUCH01
_h2122
590 _aBATCH-UPD
_b10
_c20130410
_lUCH01
_h1432
590 _aBATCH-UPD
_b10
_c20130914
_lUCH01
_h1408
590 _aCONVERSION
_b10
_c20130109
_lUCH01
_h1315
650 1 4 _aFinanzas
_xMatemáticas.
_940941
901 _aBK
942 _cLIBRO
949 _a511.8 K3
_bBC
_cLIBRO
_d33724000407730
_eLIBRO
_h34393
_i31576
_si
999 _c26503
_d26503